00931nam a22002537a 4500003001100000005001700011008004100028022001300069040003900082041000800121082001600129110003500145245005900180260005700239300001800296650004900314650003700363700003900400700002400439942000700463952009600470952009600566999001500662LK-CoMWRAF20231114002814.0231112b1997 |||||||| |||| 00| 0 eng d a10181342 aLK-CoMWRAFdLK-CoMWRAFeLK-CoMWRAF aeng a305.42bWOM aWomen living under muslim laws aDossier 19:bMuslim identities in the European context a Grabels: bInternational Solidarity Network, c1997 b164 p.; 30 cm aMUSLIM WOMEN-Social conditions--Periodicals  aWomen (Islamic law)--Periodicals a Hélie-Lucas, Marie-Aiméeeed. aKapoor, Harsh eed. cBK 00102ddc4070aMAINbMAINd2023-11-12l0o305.42 WOMpRAF2999r2023-11-12w2023-11-12yBK 00102ddc4070aMAINbMAINd2023-11-12l0o305.42 WOMpRAF2998r2023-11-12w2023-11-12yBK c4073d4073